|
|
|
|
| LEADER |
01738nam a2200469 a 4500 |
| 001 |
nkc20102120102 |
| 003 |
CZ PrNK |
| 005 |
20101108085815.0 |
| 007 |
ta |
| 008 |
100823s2009 xr f 000 0 eng |
| 015 |
|
|
|a cnb002120102
|
| 020 |
|
|
|a 978-80-7344-198-2
|q (brož.)
|
| 035 |
|
|
|a (OCoLC)670481423
|
| 040 |
|
|
|a ABA001
|b cze
|
| 043 |
|
|
|a e-xr---
|
| 045 |
|
|
|a y0y1
|
| 072 |
|
7 |
|a 331
|x Práce
|2 Konspekt
|9 4
|
| 080 |
|
|
|a 331.5
|2 MRF
|
| 080 |
|
|
|a 331.5.024.5
|2 MRF
|
| 080 |
|
|
|a (437.3)
|2 MRF
|
| 080 |
|
|
|a (048.8)
|2 MRF
|
| 100 |
1 |
|
|a Münich, Daniel,
|d 1965-
|7 mzk2003185111
|4 aut
|
| 245 |
1 |
0 |
|a Labour market in the Czech Republic :
|b economic and policy developments during first five-years in the European Union /
|c Daniel Münich, Štěpán Jurajda
|
| 260 |
|
|
|a Prague :
|b Národohospodářský ústav AV ČR,
|c 2009
|
| 300 |
|
|
|a 183 s. ;
|c 21 cm
|
| 500 |
|
|
|a Pod názvem: CERGE-EI
|
| 504 |
|
|
|a Obsahuje bibliografii a bibliografické odkazy
|
| 648 |
|
4 |
|a 2004-2010
|
| 650 |
0 |
7 |
|a trh práce
|7 ph116483
|z Česko
|y 2004-
|2 czenas
|
| 650 |
0 |
7 |
|a politika zaměstnanosti
|7 ph124261
|z Česko
|y 2004-
|2 czenas
|
| 650 |
0 |
9 |
|a labor market
|z Czechia
|y 2004-
|2 eczenas
|
| 650 |
0 |
9 |
|a manpower policy
|z Czechia
|y 2004-
|2 eczenas
|
| 655 |
|
7 |
|a monografie
|7 fd132842
|2 czenas
|
| 655 |
|
9 |
|a monographs
|2 eczenas
|
| 700 |
1 |
|
|a Jurajda, Štěpán,
|d 1970-
|7 xx0003189
|4 aut
|
| 710 |
2 |
|
|a CERGE-EI
|7 ko2007402440
|
| 856 |
4 |
1 |
|u http://www.digitalniknihovna.cz/mzk/uuid/uuid:33c89f60-ae67-11e7-a6f3-005056827e52
|y Digitalizovaný dokument
|x NDK
|
| 910 |
2 |
|
|a BOA001
|b 2-1251.458
|
| 990 |
|
|
|a BK
|
| 995 |
|
|
|a 01
|
| 991 |
|
|
|b 201011
|c NOV
|e n
|
| 996 |
6 |
|
|b 2610450070
|c 2-1251.458
|l MZK
|r Sklad / do 1 hodiny
|n 6
|p p.v.
|w 001151319
|u 000010
|a 1
|e BOA001
|j MZK50
|s P
|